| 000 | 00386nab a22001097u 4500 | ||
|---|---|---|---|
| 008 | 130520b2004 xxu||||| |||| 00| 0 spa d | ||
| 041 | _aspa | ||
| 100 | 1 |
_aBotero Giraldo, José Silvio _966916 |
|
| 245 | 0 | 0 |
_aUna re-lectura histórico-teológica de la sexualidad humana _cJosé Silvio Botero Giraldo |
| 773 | 0 |
_tAnthropos _gV.25, nº1-2,2004,págs. 101-116 _x0254-1629 _wRev38 |
|
| 942 | _cAR | ||
| 999 |
_c381451 _d381451 |
||